Competition Act 1998 (2) (Record no. 62482)

MARC details
000 -LEADER
fixed length control field 00635cam a2200205 4500
001 - CONTROL NUMBER
control field ABS61820
008 - FIXED-LENGTH DATA ELEMENTS--GENERAL INFORMATION
fixed length control field 000000n2000 000 0 eng u
035 ## - SYSTEM CONTROL NUMBER
System control number (Sirsi) u104107
100 ## - MAIN ENTRY--PERSONAL NAME
Personal name Skilbeck, J.
245 ## - TITLE STATEMENT
Title Competition Act 1998 (2)
260 ## - PUBLICATION, DISTRIBUTION, ETC.
Date of publication, distribution, etc. 2000
490 ## - SERIES STATEMENT
Series statement Solicitors' Journal
Volume/sequential designation 144(2) 21 January 2000, 44-46(3)
520 ## - SUMMARY, ETC.
Summary, etc. Second in a series of articles on the Competition Act 1998. This article reviews Chapter II of the Act which prohibits abuse of a dominant position.
590 ## - LOCAL NOTE (RLIN)
Local note ABS
650 ## - SUBJECT ADDED ENTRY--TOPICAL TERM
Topical term or geographic name entry element COMPETITION ACT 1998
650 ## - SUBJECT ADDED ENTRY--TOPICAL TERM
Topical term or geographic name entry element MONOPOLIES
650 ## - SUBJECT ADDED ENTRY--TOPICAL TERM
Topical term or geographic name entry element DOMINANCE
690 ## - LOCAL SUBJECT ADDED ENTRY--TOPICAL TERM (OCLC, RLIN)
Topical term or geographic name as entry element LAW
942 ## - ADDED ENTRY ELEMENTS (KOHA)
Suppress in OPAC 0
Holdings
Withdrawn status Lost status Source of classification or shelving scheme Damaged status Not for loan Home library Current library Shelving location Date acquired Total Checkouts Full call number Barcode Date last seen Copy number Price effective from Koha item type
    Dewey Decimal Classification     London London Journal article 09/02/2000   ABS61820 104107-1001 06/08/2019 1 06/08/2019 Journal article